Financovanie originálnych školských kompetencií po novele zákona

Prognóza Ministerstva financií SR, ktorá znamená zmenu východiskových štatistických údajov pre financovanie originálnych školských kompetencií v roku 2023. Financovanie škôl a školských zariadení v zriaďovateľskej pôsobnosti obce. Financovanie cirkevných a súkromných škôl a školských zariadení v úze...

ver descrição completa

Na minha lista:
Detalhes bibliográficos
Autor principal: Konečná Veverková, Ingrid
Formato: Capítulo de Livro
Idioma:eslovaco
Assuntos:
Tags: Adicionar Tag
Sem tags, seja o primeiro a adicionar uma tag!

MARC

LEADER 00000naa a2200000 4500
001 0296201
005 20240417075247.4
041 0 |a slo 
044 |a SK 
245 1 0 |a Financovanie originálnych školských kompetencií po novele zákona  |c Ingrid Konečná Veverková 
520 |a Prognóza Ministerstva financií SR, ktorá znamená zmenu východiskových štatistických údajov pre financovanie originálnych školských kompetencií v roku 2023. Financovanie škôl a školských zariadení v zriaďovateľskej pôsobnosti obce. Financovanie cirkevných a súkromných škôl a školských zariadení v územnej pôsobnosti obce. 
610 2 0 |a školy 
610 2 0 |a zariadenia školské 
610 2 0 |a financovanie 
610 2 0 |a úpravy právne 
100 1 |a Konečná Veverková, Ingrid